Film and Art Center - Lakefront Bratislava Petržalka

Salvato in:
Dettagli Bibliografici
Autore principale: Stojkov, Branislav (Autore)
Altri autori: Žitňanský, Márius (Relatore della tesi)
Natura: Manoscritto Libro
Lingua:slovacco
Pubblicazione: Bratislava 2020
Soggetti:
Accesso online:http://is.stuba.sk/zp/portal_zp.pl?podrobnosti=152292
Tags: Aggiungi Tag
Nessun Tag, puoi essere il primo ad aggiungerne!!

MARC

LEADER 00000ntm a22000003a 4500
001 stuzp79373
003 SK-STU
005 20200813074004.6
007 ta
008 150427s2015----xo-----f-mn---000-0-slo-d
040 |a STU  |b slo 
041 0 |a slo 
100 1 |a Stojkov, Branislav  |u 058180  |4 aut  |U FAD Fakulta architektúry  |T FA Ústav architektúry občianskych budov  |X 77227  |U A8180  |Y 399  |7 77227 
242 0 1 |a Film and Art Center - Lakefront Bratislava Petržalka  |y eng 
245 1 0 |a Film and Art Center - Lakefront Bratislava Petržalka 
260 |c 2020  |a Bratislava 
650 4 |a filmová_architektúra  |2 slo 
650 4 |a Dunaj  |2 slo 
650 4 |a Petržalka  |2 slo 
650 4 |a film_architecture  |2 eng 
650 4 |a Danube  |2 eng 
650 4 |a Petržalka  |2 eng 
700 1 |a Žitňanský, Márius  |u 058180  |k Z8  |4 ths  |U FAD Fakulta architektúry  |T FA Ústav architektúry občianskych budov  |X 439  |U A8180  |Y 399  |7 A000000439 
856 4 |u http://is.stuba.sk/zp/portal_zp.pl?podrobnosti=152292  |u https://opac.crzp.sk/?fn=detailBiblioForm&sid=2DE4D0DBB221E90D1182FFBEC259